TEXT BOOK OF ENGINEERING MECHANICS (Record no. 18504)
[ view plain ]
| 000 -LEADER | |
|---|---|
| fixed length control field | 00241nam a2200097Ia 4500 |
| 008 - FIXED-LENGTH DATA ELEMENTS--GENERAL INFORMATION | |
| fixed length control field | 170619s9999 xx 000 0 und d |
| 100 ## - MAIN ENTRY--PERSONAL NAME | |
| Personal name | BANSAL- R K |
| 245 #0 - TITLE STATEMENT | |
| Title | TEXT BOOK OF ENGINEERING MECHANICS |
| 260 ## - PUBLICATION, DISTRIBUTION, ETC. | |
| Name of publisher, distributor, etc. | New Delhi : Luxmi Pub |
| 260 ## - PUBLICATION, DISTRIBUTION, ETC. | |
| Date of publication, distribution, etc. | 2005 |
| 546 ## - LANGUAGE NOTE | |
| Language note | ENGLISH |
| Withdrawn status | Lost status | Source of classification or shelving scheme | Damaged status | Not for loan | Home library | Current library | Date acquired | Source of acquisition | Total Checkouts | Barcode | Date last seen | Date last checked out | Uniform Resource Identifier | Price effective from | Koha item type |
|---|---|---|---|---|---|---|---|---|---|---|---|---|---|---|---|
| IIMT Engineering College-BTech | IIMT Engineering College-BTech | 12/31/2007 | 10 | 1 | 06-B-16855 | 07/07/2023 | 12/19/2022 | ME | 07/03/2017 | Text-Book- for 7 days |

